000 01072nam a2200253 a 4500
005 20180803165403.0
008 140128b2007 ck ||||| |||| 00| 0 spa d
040 _cCO-BoIH
041 _aspa
044 _ack
090 _aIAVH
_b00887
100 _aLema Vélez, Luz Amparo
_95292
245 _aProcesos organizativos entre las comunidades de artesanos de bejucos de Filandia y Circasia
_bestrategias del tipo de apoyo y ropuestas de fortalecimiento identificadas como necesarias
260 _aBogotá
_bInstituto Alexander von Humboldt
_c2007
300 _a45 p.
520 _aPresenta las estrategias del tipo de apoyo y propuestas de fortalecimiento identificadas como necesarias identificadas participativamente con las cmunidades de artesanos de Filandia y Circasia, como parte del proceso de fortalecimiento a sus procesos organizativos
650 _aProcesos organizativos
_95532
650 _aComunidades
_992430
650 _aArtesanos
_930251
650 _aBejucos
_930252
662 _aColombia
_bQuindío
942 _cINFORME
_2z
945 _d2008-09-11
999 _c6577
_d6577